书目信息 |
| 题名: |
信息管理英语教程
|
|
| 作者: | 李季方 , 傅欣 , 冯启华 编著 | |
| 分册: | ||
| 出版信息: | 北京 清华大学出版社 2004.2 |
|
| 页数: | 306页 | |
| 开本: | 26cm | |
| 丛书名: | 高等院校信息管理与信息系统专业系列教材 | |
| 单 册: | ||
| 中图分类: | G203:H31-43 , H31-43:G203 | |
| 科图分类: | ||
| 主题词: | 信息管理--xin xi guan li--英语--高等学校--教材 , 信息管理--xin xi guan li , 英语--ying yu | |
| 电子资源: | ||
| ISBN: | 7-302-07425-9 | |
| 000 | 01220cam2 2200313 450 | |
| 001 | 012005048648 | |
| 005 | 20160429152356.15 | |
| 010 | @a7-302-07425-9@dCNY26.00 | |
| 100 | @a20050716e20052004em y0chiy0121 ea | |
| 101 | 0 | @achi@aeng |
| 102 | @aCN@b110000 | |
| 105 | @ay z 000yy | |
| 200 | 1 | @a信息管理英语教程@Axin xi guan li ying yu jiao cheng@f李季方,傅欣,冯启华编著 |
| 210 | @a北京@c清华大学出版社@d2004.2@h2005.1重印 | |
| 215 | @a306页@d26cm | |
| 225 | 2 | @a高等院校信息管理与信息系统专业系列教材@Agao deng yuan xiao xin xi guan li yu xin xi xi tong zhuan ye xi lie jiao cai |
| 330 | @a本书选用24篇英语原文文章,分成六个部分:信息、信息管理和信息专业人员;信息处理;信息过程;信息资料设备管理;与信息管理有关的重要学科;新趋势新挑战。 | |
| 461 | 0 | @12001 @a高等院校信息管理与信息系统专业系列教材 |
| 606 | 0 | @a信息管理@Axin xi guan li@x英语@x高等学校@j教材 |
| 606 | 0 | @a信息管理@Axin xi guan li |
| 606 | 0 | @a英语@Aying yu |
| 690 | @aG203:H31-43@v4 | |
| 690 | @aH31-43:G203@v3 | |
| 701 | 0 | @a李季方@Ali ji fang@4编著 |
| 701 | 0 | @a傅欣@Afu xin@4编著 |
| 701 | 0 | @a冯启华@Afeng qi hua@4编著 |
| 801 | 0 | @aCN@bSRXX@c20051125 |
| 801 | 2 | @aCN@bSRXX@c20051110 |
| 905 | @a10447@dH31-43:G203@eL180 | |
| 信息管理英语教程/李季方,傅欣,冯启华编著.-北京:清华大学出版社,2004.2(2005.1重印) |
| 306页;26cm.-(高等院校信息管理与信息系统专业系列教材) |
| ISBN 7-302-07425-9:CNY26.00 |
| 本书选用24篇英语原文文章,分成六个部分:信息、信息管理和信息专业人员;信息处理;信息过程;信息资料设备管理;与信息管理有关的重要学科;新趋势新挑战。 |
| ● |
| 相关链接 |
|
|
|
正题名:信息管理英语教程
索取号:H31-43:G203/L180
 
预约/预借
| 序号 | 登录号 | 条形码 | 馆藏地/架位号 | 状态 | 备注 |
| 1 | 0819507 | 208195077 | 管理学院资料室/ [索取号:H31-43:G203/L180] | 在馆 | |
| 2 | 544783 | 205447836 | 语言库209/209语言库 93排4列3层/ [索取号:H31-43:G203/L180] | 在馆 | |
| 3 | 544784 | 205447845 | 语言库209/209语言库 93排4列3层/ [索取号:H31-43:G203/L180] | 在馆 | |
| 4 | 544785 | 205447854 | 语言库209/209语言库 93排4列3层/ [索取号:H31-43:G203/L180] | 在馆 |